000 00592cam a2200217ua 4500
020 _c7.50
041 _aeng
_h
082 _a330.9
_bROM/EC
100 _aDuff, Ramesh .
245 _aEconomic history of India /
_cRamesh Duff.
_hTextual Documents
250 _a1 /
_b.
260 _a :
_bMinistry of I&B, Govt. of India ,
_c1963.
300 _a304 ; .
365 _a7.50
440 0 _aClassics of Indian history and economics,
_v
_x;
490 0 _aClassics of Indian history and economics,
_v
_x;
504 _a
942 _cBK
999 _c1643
_d1643